| 000 | 00375nam a22001577a 4500 | ||
|---|---|---|---|
| 005 | 20171213043904.0 | ||
| 008 | 050722s2007 nyua 001 0 eng | ||
| 020 | _a9780072971842 | ||
| 020 | _a0072971843 | ||
| 041 | 0 | _aeng | |
| 080 | _a621 | ||
| 100 | 1 | _a27 | |
| 101 | _aIM | ||
| 245 | 1 | 0 |
_aSpreadsheet tools for engineers using Excel / _cByron S. Gottfried. |
| 942 |
_2udc _cBK |
||
| 999 |
_c740 _d740 |
||